01379nam a2200397 a 4500008004100000020001800041041000800059100002200067245003800089250002100127260005900148300001100207500011400218653004800332653001400380653002000394653003100414653002200445653002200467653002100489653002300510653002500533653002900558653002300587653002700610653003300637653003000670653003200700653002700732653002900759653003300788653002600821653005200847653005200899700003000951110706s2009 ag il. f |||| 001 0 spa d a9789500604444 aspa1 aAzzato, Francisco aAbdomen agudo /cFrancisco Azzato a1a ed. 1a reimp. aBuenos Aires:bEditorial Médica Panamericana;c2009. a210 p. aAzzato, F. y Waisman, H. J. ( 2009). Abdomen agudo. (1a ed.). Buenos Aires : Editorial Médica Panamericana. aFisiopatología de los síntomas y signos aAnamnesis aExamen físico aExámenes complementarios aPeritonitis aguda aApendicitis aguda aUlcera perforada aColecistitis aguda aDiverticulitis aguda aObstrucción intestinal aPancreatitis aguda aAddomen agudo vascular aAbdomen agudo ginecológico aAbdomen agudo urológico aAbdomen agudo posoperatorio aAbdomen agudo médico aClínica propedéutica aAbdomen agudo en pediatría aTraumatismo abdominal aAbdomen agudo en el paciente inmunocomprometido aEvaluación y manejo del riesgo perioperatorio1 aWaisman, Hipólito Jorge